| 000 | 00911nam a2200253 a 4500 | ||
|---|---|---|---|
| 005 | 20260321064239.0 | ||
| 008 | 010907s2000 r 000 0 eng d | ||
| 020 | _a9687742925 | ||
| 035 | _aUPN01000111073 | ||
| 049 | _aCG | ||
| 050 | 4 |
_aLB1511 M6 _bO7.3 |
|
| 100 | 1 |
_aOrnelas Tavárez, Gloria Evangelina _943933 |
|
| 245 | 1 | 0 |
_aFormación docente ¿en la cultura? : _bun proyecto cultural educativo para la escuela primaria / _cGloria Evangelina Ornelas Tavárez. |
| 260 |
_aMéxico : _bUPN, _c2000. |
||
| 300 | _a158 p. | ||
| 440 | 0 |
_aTextos ; _v17 |
|
| 590 | _a(También localizas un ejemplar en el "Area de Reserva") | ||
| 590 | _aBibliografía Básica (BGTQ) | ||
| 650 | 4 |
_aEDUCACION PRIMARIA - _xINVESTIGACION - _zMEXICO _918627 |
|
| 650 | 4 | _aPLAN DE ACTIVIDADES CULTURALES DE APOYO A LA EDUCACION PRIMARIA | |
| 650 | 4 |
_aPrácticas de la enseñanza _92849 |
|
| 905 | _aLibro | ||
| 999 |
_c84982 _d84982 |
||